Responses for Show #3764 - Thursday, January 4, 2001

Contestants

[<< previous game]

Adam Taxin, a graduate student originally from Rose Valley, Pennsylvania

Jill Le Brasseur, a college student from Parkersburg, West Virginia

Richard Kolostian, an attorney from Los Angeles, California (whose 4-day cash winnings total $35,897)

[next game >>]

Jeopardy! Round responses

THE AGE OF REASON
DAYS OF THE WEEK
(Alex: We want you to name the show in...)
CLASSIC TV THEME SONGS
TALL BUILDINGS
TOYS ARE US
ANIMAL PLANET?
    $100 17
Benjamin Franklin

Adam
    $100 23
Friday

Jill
    $100 1
All in the Family

Jill
    $100 6
World Trade Center

Richard
    $100 9
(R: What is Superball?)

Silly Putty

RichardAdam
    $100 12
Bat

Adam
    $200 16
Versailles

Adam
    $200 24
(less than a minute to go...)

Monday

Richard
    $200 2
The Monkees

Richard
    $200 7
Elevators

Richard
    $200 10
Hello Kitty

Adam
    $200 30
(Alex: Is that an animal? I don't know!)

Slug

Jill
    $300 15
Powers

Richard
    $300 25
Saturday night

Adam
    $300 3
Laverne & Shirley

Jill
    $300 8
(A: What is Indianapolis?)

Chicago (behind the Sears Tower)

JillAdam
    $300 11
Tiger Woods

Jill
    $300 29
Horse

Adam
    $400 14
(J: What is a universe?)

Watch

Jill
Triple Stumper
    $400 27
Sunday

Adam
    $400 4
Maude

Triple Stumper
    $400 18
Yokohama

Adam
    $400 20
Play-Doh

Adam
    $400 28
(J: What is hounds?)

Dogs

Jill
Triple Stumper
    $500 13
"Common Sense"

Adam
    $500 26
Tuesdays

Richard
    $500 5
Three's Company

Richard
    $500 19
Stratosphere

Richard
    $500 22
Slinky

Richard
    $500 21
Pig iron

Richard

Scores at the first commercial break (after clue 13):

Richard Jill Adam
$900 $1,000 $600

Scores at the end of the Jeopardy! Round:

Richard Jill Adam
$3,400 $500 $2,700

Double Jeopardy! Round responses

THE AGE OF RAISIN
(Alex: Not reason.)
EXPLORERS
BIG SCREEN BUNNIES
THE HISTORY OF JANUARY
TITLE LOVERS
(Alex: And finally, if you do well, you'll get a...)
"C" PLUS
    $200 7
Sun-Maid

Adam
    $200 25
Gold

Jill
    $200 9
Thumper

Jill
    $200 1
"Heartbreak Hotel"

Richard
    $200 21
Cressida

Adam
    $200 16
Corduroy

Jill
    $400 8
(R: What is reason?)

Grape

RichardJill
    $400 30
Niagara Falls

Jill
    $400 10
Harvey

Adam
    $400 2
Falkland (or Malvinas) Islands

Jill
    $400 22
Mike

Triple Stumper
    $400 17
Cones

Jill
    $600 14
Oatmeal

Adam
    $600 29
Henry Hudson

Adam
    $600 11
Fatal Attraction

Adam
    $600 3
Idi Amin

Adam
    $600 26
Adonis

Richard
    $600 18
"Cinderella"

Triple Stumper
    $800 15
Fresno

Richard
    $1,500 24
Captain James Cook

Adam
    $800 12
Alice in Wonderland

Jill
    $800 4
Rasputin

Richard
    $800 28
Mabel (Norman)

Triple Stumper
    $800 19
Chlorophyll

Jill
    $1000 6
Currants

Adam
    $1000 23
(R: Who was Columbus?)

Ferdinand Magellan

Richard
Triple Stumper
    $1000 13
Monty Python and the Holy Grail

Adam
    $1000 5
Jeane Kirkpatrick

Adam
    $1000 27
Stella

Triple Stumper
    $3,000 20
Claudius

Jill

Scores at the end of the Double Jeopardy! Round:

Richard Jill Adam
$4,400 $7,300 $10,400

[wagering suggestions for these scores]

Final Jeopardy! Round responses

REPUBLICANS
RichardWhat is 1964?
$4,400
JillWhat was 1966
$7,000
AdamWhat is 1964?
$4,300
1964 (Barry Goldwater & Bill Miller)

Final scores:

Richard Jill Adam
$8,800 $300 $14,700
2nd place: Snowboards & Trip to Mammoth Mountain, California 3rd place: Ducane Gas Grill New champion: $14,700

Game dynamics:

Coryat scores:

Richard Jill Adam
$4,400 $5,300 $9,700
14 R,
3 W
16 R
(including 1 DD),
2 W
22 R
(including 2 DDs),
1 W

Combined Coryat: $19,400

[game clues] [game scores] [suggest correction]

Game tape date: 2000-10-31
The J! Archive is created by fans, for fans. Scraping, republication, monetization, and malicious use prohibited; this site may use cookies and collect identifying information. See terms. The Jeopardy! game show and all elements thereof, including but not limited to copyright and trademark thereto, are the property of Jeopardy Productions, Inc. and are protected under law. This website is not affiliated with, sponsored by, or operated by Jeopardy Productions, Inc. Join the discussion at JBoard.tv.